000 00506nam a2200157Ia 4500
008 210210b1974 xxu||||| |||| 00| 0 eng d
020 _a19 560305 2
082 _a421.5 CENE
100 _aCENTRAL INSTITUTE OF ENGLISH & FOREIGN LANGUAGES.
245 _aExercises in spoken english. Part 1. Accent, Rhythm and Intonation.
260 _aMadras.
_bOxford University Press.,
_c1974
300 _aviii,30
650 _aSpeaking Accent, Rhythm, Intonation
690 _aEnglish Language
906 _aSG01601
999 _c112861
_d112861